| 000 | 00720nam a22002417a 4500 | ||
|---|---|---|---|
| 001 | BR0102795 | ||
| 003 | BR-BrBNA | ||
| 005 | 20230928100923.0 | ||
| 007 | ta | ||
| 008 | 230509b bl.||||| |||| 00| 0 por d | ||
| 040 |
_aBR-BrBNA _bpor _cBiblioteca Nacional de Agricultura |
||
| 041 | _a(Por) | ||
| 072 | _aD10 | ||
| 090 | _ D10 BR0102795 | ||
| 110 | 1 |
_aInstituto de Oleos, Rio de Janeiro, GB (Brasil) _96060 |
|
| 245 | 1 | _aO Instituto de Oleos em 1957. Retrospectivo historico, organizacao, administracao, cooperacao | |
| 260 | 3 |
_aRio de Janeiro, GB (Brasil): _c1961. |
|
| 300 | _a301 p. | ||
| 650 | _aAdministracao | ||
| 650 | _aInstituicao de Pesquisa | ||
| 909 |
_a202309 _bLucia _c55 _dLucia Elande |
||
| 942 | _cBK | ||
| 999 |
_c63410 _d63410 |
||